| 000 | 00421nam a2200121Ia 4500 | ||
|---|---|---|---|
| 005 | 20260326100030.0 | ||
| 008 | 260326s9999||||xx |||||||||||||| ||und|| | ||
| 100 | _aSociedad Colombiana de Arquitectos | ||
| 245 | 0 |
_aCien AƱos de Arquitectura en Colombia : _b XVII Bienal de Arquitectura 2000 / _cSociedad Colombiana de Arquitectos |
|
| 260 | _bSociedad Colombiana de Arquitectos | ||
| 650 | _aARQUITECTURA CIVIL | ||
| 942 | _cBK | ||
| 999 |
_c6585 _d6585 |
||